Central Library OPAC University of Rajshahi

মধুমালতী / (Record no. 49729)

MARC details
000 -LEADER
fixed length control field 01136nam a2200265 a 4500
001 - CONTROL NUMBER
control field 49729
003 - CONTROL NUMBER IDENTIFIER
rucl marc code BD-RjUL
005 - DATE AND TIME OF LATEST TRANSACTION
control field 20211209054723.0
008 - FIXED-LENGTH DATA ELEMENTS--GENERAL INFORMATION
fixed length control field 160822s1959 BG ||||| |||| 00| 0 ben d
020 ## - INTERNATIONAL STANDARD BOOK NUMBER
Terms of availability : PRs. 2.50
035 ## - SYSTEM CONTROL NUMBER
System control number (BD-RjUL)49849
040 ## - CATALOGING SOURCE
Original cataloging agency BD-RjUL
Language of cataloging ben
Transcribing agency BD-RjUL
041 ## - LANGUAGE CODE
Language code of text/sound track or separate title ben
082 ## - DEWEY DECIMAL CLASSIFICATION NUMBER
Edition number 23
Classification number 891.441
Author mark and year KOM 1959
100 1# - MAIN ENTRY--PERSONAL NAME
Personal name কবীর, মুহম্মদ
9 (RLIN) 146439
245 10 - TITLE STATEMENT
Title মধুমালতী /
Statement of responsibility, etc. মুহম্মদ কবীর বিরচিত ; সম্পাদক আহমদ শরীফ
260 ## - PUBLICATION, DISTRIBUTION, ETC. (IMPRINT)
Place of publication, distribution, etc. ঢাকা :
Name of publisher, distributor, etc. বাঙলা একাডেমী,
Date of publication, distribution, etc. ১৯৫৯
300 ## - PHYSICAL DESCRIPTION
Pagination ক-ফ, ৬০ পৃ ;
Size ২৩ সেমি.
490 ## - SERIES STATEMENT
Series statement প্রাচীন-সাহিত্য-সংরক্ষণ-গ্রন্হমালা ;
Volume/sequential designation
650 ## - SUBJECT ADDED ENTRY--TOPICAL TERM
Topical term or geographic name as entry element বাংলা কবিতা
9 (RLIN) 146440
Topical term or geographic name as entry element Bengali Poetry
9 (RLIN) 146441
700 ## - ADDED ENTRY--PERSONAL NAME
Personal name শরীফ, আহমদ, সম্পাদক
830 ## - SERIES ADDED ENTRY--UNIFORM TITLE
Uniform title প্রাচীন-সাহিত্য-সংরক্ষণ-গ্রন্হমালা ;
Volume number/sequential designation
942 ## - ADDED ENTRY ELEMENTS (KOHA)
Source of classification or shelving scheme Dewey Decimal Classification
Koha item type Books
Holdings
Lost status Source of classification or shelving scheme Damaged status Not for loan Collection code Permanent Location Current Location Shelving location Date acquired Source of acquisition Cost, normal purchase price Total Checkouts Full call number Date last seen Copy number Koha item type
  Dewey Decimal Classification     Non-fiction Central Library, University of Rajshahi Central Library, University of Rajshahi   20/08/1962 Osmania library 2.50   B 891.441 KOM 1959 22/08/2016 C-2 Books
  Dewey Decimal Classification     Non-fiction Central Library, University of Rajshahi Central Library, University of Rajshahi   18/12/1961 Farooq Library, Rajshahi 2.50   B 891.441 KOM 1959 14/11/2016 C-3 Books
  Dewey Decimal Classification     Non-fiction Central Library, University of Rajshahi Central Library, University of Rajshahi   18/12/1961 Farooq Library, Rajshahi 2.50   B 891.441 KOM 1959 14/11/2016 C-4 Books
  Dewey Decimal Classification     Non-fiction Central Library, University of Rajshahi Central Library, University of Rajshahi   18/12/1961 Farooq Library, Rajshahi 2.50   B 891.441 KOM 1959 14/11/2016 C-5 Books
  Dewey Decimal Classification     Non-fiction Central Library, University of Rajshahi Central Library, University of Rajshahi   12/09/1962 Oriental book service 2.50   B 891.441 KOM 1959 14/11/2016 C-6 Books
  Dewey Decimal Classification     Non-fiction Central Library, University of Rajshahi Central Library, University of Rajshahi   18/12/1961 Farooq Library, Rajshahi 2.50   B 891.441 KOM 1959 14/11/2016 C-7 Books
  Dewey Decimal Classification     Non-fiction Central Library, University of Rajshahi Central Library, University of Rajshahi     Oriental book service 2.50   B 891.441 KOM 1959 14/11/2016 C-8 Books
  Dewey Decimal Classification     Non-fiction Central Library, University of Rajshahi Central Library, University of Rajshahi   10/02/1965 Ideal Library 2.50   B 891.441 KOM 1959 14/11/2016 C-9 Books
  Dewey Decimal Classification     Non-fiction Central Library, University of Rajshahi Central Library, University of Rajshahi   20/04/1962 Oriental book service 2.50   B 891.441 KOM 1959 16/11/2016 C-10 Books
  Dewey Decimal Classification   Not For Loan Non-fiction Central Library, University of Rajshahi Central Library, University of Rajshahi Reading Room 18/12/1961 Rajshahi Heritage, Rajshahi 2.50   B 891.441 KOM 1959 26/11/2016 C-1 Books